| Tag |
First Indicator |
Second Indicator |
Subfields |
| LEADER |
00000cam a2200000 a 4500 |
| 001 |
in00000069254 |
| 005 |
20151008053320.0 |
| 008 |
810211c19801979nyua 00000 engm |
| 010 |
|
|
|a 80050439
|
| 020 |
|
|
|a 0806937424 :
|c $7.95
|
| 035 |
|
|
|a (OCoLC)07274824
|
| 035 |
|
|
|9 AAH7022AM
|
| 040 |
|
|
|a DLC
|c DLC
|d m.c.
|d TXA
|d UtOrBLW
|
| 049 |
|
|
|a TXAM
|c [1482044]
|
| 050 |
0 |
0 |
|a SF285
|b H76 1980
|
| 082 |
0 |
|
|a 636.1
|2 19
|
| 245 |
0 |
0 |
|a Horse identifier.
|
| 264 |
|
1 |
|a New York, N.Y. :
|b Sterling Pub. Co.,
|c 1980
|
| 264 |
|
4 |
|c ©1979
|
| 300 |
|
|
|a 128 pages :
|b color illustrations ;
|c 21 cm.
|
| 336 |
|
|
|a text
|b txt
|2 rdacontent
|
| 337 |
|
|
|a unmediated
|b n
|2 rdamedia
|
| 338 |
|
|
|a volume
|b nc
|2 rdacarrier
|
| 490 |
0 |
|
|a A Qed book
|
| 500 |
|
|
|a "Original edition published in Great Britain under the title: Horse by horse."
|
| 500 |
|
|
|a "Based on some of the material from the Complete book of the horse ... designed and produced by QED Publishing Limited"--Title page verso.
|
| 650 |
|
0 |
|a Horses.
|
| 650 |
|
0 |
|a Horse breeds
|x Identification.
|
| 710 |
2 |
|
|a QED Publishing Limited.
|
| 730 |
0 |
|
|a Complete book of the horse.
|
| 730 |
0 |
|
|a Horse by horse.
|
| 999 |
|
|
|a MARS
|
| 999 |
f |
f |
|s 9043775f-334e-3174-b107-b1e8812c71ac
|i aa3c7750-84ef-37f3-8f43-57bbd9896431
|t 0
|
| 952 |
f |
f |
|p ric
|a Texas A&M University
|b Rellis Campus
|c Joint Library Facility
|d Remote Storage
|t 0
|e SF285 H76 1980
|h Library of Congress classification
|i unmediated -- volume
|m A14805948137
|
| 998 |
f |
f |
|a SF285 H76 1980
|t 0
|l Remote Storage
|